| Tag |
First Indicator |
Second Indicator |
Subfields |
| LEADER |
00000cam a2200000Ia 4500 |
| 001 |
in00000035442 |
| 005 |
20151007060810.0 |
| 008 |
800626s1952 fr a b 000 0 fre d |
| 035 |
|
|
|a (OCoLC)ocm06464848
|
| 035 |
|
|
|a (OCoLC)06464848
|
| 035 |
|
|
|9 AAD0206AM
|
| 040 |
|
|
|a TXA
|c TXA
|d UtOrBLW
|
| 049 |
|
|
|a TXAM
|
| 090 |
|
|
|a QP363
|b .N33 1952
|
| 092 |
|
|
|a 612.822
|b N122m
|
| 100 |
1 |
|
|a Nachmansohn, David,
|d 1899-1983.
|
| 245 |
1 |
0 |
|a Métabolisme et fonction de la cellule nerveuse :
|b conférence faite devant la Société de Chimie biologique, le 6 Mai 1952 /
|c D. Nachmansohn.
|
| 264 |
|
1 |
|a Paris :
|b Masson,
|c [1952]
|
| 300 |
|
|
|a 19 pages :
|b illustrations ; 24 cm.
|
| 336 |
|
|
|a text
|b txt
|2 rdacontent
|
| 337 |
|
|
|a unmediated
|b n
|2 rdamedia
|
| 338 |
|
|
|a volume
|b nc
|2 rdacarrier
|
| 490 |
0 |
|
|a Publications de la Société de chimie biologique
|
| 500 |
|
|
|a "Publications de la Societe de chimie biologique."
|
| 504 |
|
|
|a Includes bibliographical references.
|
| 650 |
|
0 |
|a Nerves.
|
| 650 |
|
0 |
|a Nervous system.
|
| 710 |
2 |
|
|a Société de chimie biologique (France)
|
| 949 |
|
|
|a updated
|b h
|c 2005/2/24
|e fpiscitelli
|f 12:28:37 pm
|
| 994 |
|
|
|a E0
|b TXA
|
| 999 |
|
|
|a MARS
|
| 999 |
f |
f |
|s 639bfe8e-e188-3abd-9130-84faaef5b1f9
|i 80eefcff-e6ea-3c33-ba23-bf7790cb2ec1
|t 0
|
| 952 |
f |
f |
|p ric
|a Texas A&M University
|b Rellis Campus
|c Joint Library Facility
|d Remote Storage
|t 0
|e QP363 .N33 1952
|h Library of Congress classification
|i unmediated -- volume
|m A14801028032
|
| 998 |
f |
f |
|a QP363 .N33 1952
|t 0
|l Remote Storage
|